| 000 | 00802cam a22001935a 4500 | ||
|---|---|---|---|
| 001 | L157642 | ||
| 008 | 130220s1840 xxk f 000 0 eng d | ||
| 035 | _a(Sirsi) u157642 | ||
| 041 | 0 | _aeng | |
| 100 | 1 |
_aTooke, Thomas _d1774-1858 |
|
| 245 | 0 | 2 |
_aA history of prices, and of the state of the circulation, in 1838 and 1839 _bwith remarks on the corn laws, and on some of the alterations proposed in our banking system |
| 260 |
_aLondon _bLongman, Orme, Brown, Green and Longmans _c1840 |
||
| 300 |
_avii, 298p _btables _c23cm |
||
| 520 | _a"Being a continuation of the history of prices, from 1793 to 1837." - t.p. Includes bibliographical references | ||
| 583 |
_aCondition reviewed _c20120620 _lcondition level 4 |
||
| 651 | 4 |
_aGreat Britain _y1707- |
|
| 690 | _aFinance and taxation | ||
| 942 | _n0 | ||
| 999 |
_c114889 _d114889 |
||